Statistics for Dutch Football Quiz

Click here to take the quiz!

General Stats

  • This quiz has been taken 184 times
    (139 since last reset)
  • The average score is 17 of 26

Answer Stats

HintAnswer% Correct
All-time best football playerJohan Cruijff
94%
Most succesfull club, having won most league- and cup titlesAFC Ajax
94%
Left footed right winger, Dutch Sportsman of the Year 2014Arjen Robben
90%
City where PSV comes fromEindhoven
87%
All time topscorer of the national teamRobin van Persie
84%
First team to win a European CupFeyenoord
83%
His former coach Fabio Capello cried at his, due to chronic ankle injuries, early farewellMarco van Basten
80%
Dreadlocked captain, part of the famous Dutch trio at Milan in the late 80'sRuud Gullit
78%
Commonly used nickname for the Dutch national teamOranje
76%
Times the Dutch finished second in a World Cup, a record3
72%
Year in which the Netherlands won the European Championship1988
71%
Exceptionally skilled player, nicknamed 'the non-flying Dutchman'Dennis Bergkamp
71%
Famous dutch footballer known for wearing glasses on the pitchEdgar Davids
70%
Name of the national football competitionEredivisie
70%
First ever to serve as both player and head coach at all teams of the "traditional big three"Ronald Koeman
69%
Played a record 134 times for the national squadWesley Sneijder
68%
Decorated manager (one-time Champions League winner), known for his remarkable statementsLouis van Gaal
66%
Only player ever to win the Champions League with 3 different teamsClarence Seedorf
61%
Other person besides #1 to have won the EC1/Champions League both as a player and coachFrank Rijkaard
51%
Name for the characteristic style of play developed in the early 70'sTotal Football
49%
Former fast winger, voted Best Young Player of the 1994 World CupMarc Overmars
49%
Last European Golden Shoe winner, nicknamed 'Das Phantom'Roy Makaay
42%
Captained the national team most often (71 times)Frank de Boer
40%
Famously shot against the post in the 1978 World Cup finalRob Rensenbrink
23%
Holds the all-time record for FIFA World Cup goals for the NetherlandsJohnny Rep
20%
Player to play the most Premier League gamesGeorge Boateng
3%

Score Distribution

Percentile by Number Answered

Percent of People with Each Score

Your Score History

You have not taken this quiz since the last reset